000 01031nam a22003497a 4500
001 BR2017000415
003 BR-BrBNA
005 20230928105038.0
007 ta
008 230509b bl.||||| |||| 00| 0 por d
040 _aBR-BrBNA
_bpor
_cBiblioteca Nacional de Agricultura
041 _a(Por)
072 _aM40; L40
_b8105
090 _ 8105 BR2017000415
100 1 _aSouza, F.K.S.
100 1 _aBarbosa, R.P.
100 1 _aFreitas, C.E. de C.
110 1 _aUniversidade Federal do Amazonas, Manaus, AM (Brasil). Piatam
_911023
245 1 _aPeixes do médio Rio Negro: uma abordagem ecológica
260 3 _aManaus, AM (Brasil):
_c2006.
300 _a43 p.
500 _a6 ref.; Summary (Por); Glossary p. 41-42; 37 illus
650 _aPEIXE DE ÁGUA DOCE
650 _aECOLOGIA
650 _aDESENVOLVIMENTO SUSTENTÁVEL
650 _aCOMPORTAMENTO ANIMAL
650 _aANATOMIA ANIMAL
650 _aHABITAT
650 _aBACIA HIDROGRÁFICA
909 _a202309
_bLucia
_c55
_dLucia Elande
942 _cBK
999 _c83107
_d83107